{"text_format":"3","workbook":"xls","n_sheets":2,"sheets":["邳州公司","巨野分公司"],"read":"whole","date_system":"1900","formulas":"cached_only"}

{"sheet":"邳州公司","index":0,"n_rows":11,"n_cols":13,"rows_kept":11,"merged":[[0,2,0,11],[1,2,1,11],[2,2,2,11]],"flags":["formulas_cached_only"]}
[null,null,"五金收料统计日报表"]
[null,null,"日期： 2019    年    5  月  14  日                             填表人： 梅瑞雪"]
[null,null,"单位：大力神管桩有限公司"]
[null,"入库单号","品名","规格","数量","单位","单价","金额","供应商名称","联系方式","采购员","检验员","备注"]
[null,"WIN0050478","中心钻",null,1,"盒",55.7,55.7,"现金供应商（任丘市俊飞商贸有限公司）",null,"戴春举","李秦","宏峰刃具4-A型(柄10MM）10个/盒"]
[null,null,"中心钻","φ5",10,"个",8.58,85.8,{"$nulls":4},"宏峰刃具5-A型(柄12MM）1盒"]
[null,"WIN0050489","合模螺丝","整套 20*125",5000,"套",3.65,18250,"南通市磊坚机械配件有限公司",null,"戴春举","梅瑞雪","50包*100个/包"]
[null,null,"合模销钉","16*70",5000,"个",0.78,3900,{"$nulls":4},"15包*300个/包+1包*200个/包"]
[null,"WIN0050494","胶水",null,2,"瓶",15,30,"现金（邳州石荣海建材五金）",null,"戴春举","梅瑞雪","哥俩好，899环保型装饰胶500ml/瓶"]
[null,"WIN0050495","螺丝","M20*40",100,"个",1.2,120,"现金供应商（邳州市中兴物资经销处）",null,"戴春举","陈彪","8.8级大力牌"]
[null,"WIN0050496","灌胶防水盒",null,1,"套",452,452,"乐清市森鹏电气有限公司",null,"戴春举","刘飞","灌胶式防水接线盒SP-26"]

{"sheet":"巨野分公司","index":1,"n_rows":56,"n_cols":12,"rows_kept":56,"merged":[[0,0,0,11],[1,0,1,11],[2,0,2,11]],"flags":["formulas_cached_only"]}
["五金收料统计日报表"]
["日期： 2019  年 05月13 日                             填表人： 杨振华"]
["单位：江苏大力神管桩有限公司巨野分公司"]
["入库单号","品名","规格","数量","单位","单价","金额","供应商名称","联系方式","采购员","检验员","备注"]
["WIN008579","皮手套",null,700,"双",3.5,2450,"临沂福伟劳保五金工具",null,"王成军","甘星允"]
[null,"口罩",null,140,"个",0.26,36.4,"临沂福伟劳保五金工具",null,"王成军","甘星允"]
[null,"线手套",null,100,"双",0.46,46,"临沂福伟劳保五金工具",null,"王成军","甘星允"]
["WIN008580","锅炉水质监督指示剂","助剂",2,"套",140,280,"上海普隆锅炉成套设备",null,"王成军","甘星允"]
["WIN008581","屏蔽线","4*1",1,"捆",360,360,"巨野县乾兴机电批发中心",null,"张传朋","甘星允"]
["WIN008582","泥抹",null,3,"个",5,15,"巨野县嘉盛五金机电",18753016988,"张传朋","甘星允"]
[null,"搓板",null,1,"个",6,6,"巨野县嘉盛五金机电",18753016988,"张传朋","甘星允"]
[null,"风镐手柄",null,4,"个",25,100,"巨野县嘉盛五金机电",18753016988,"张传朋","甘星允"]
[null,"铜鼻子","32A",50,"个",0.5,25,"巨野县嘉盛五金机电",18753016988,"张传朋","甘星允"]
[null,"黄漆","中黄12KG",1,"桶",1,1,"巨野县嘉盛五金机电",18753016988,"张传朋","甘星允"]
["WIN008583","三角带","B-1000",2,"根",6,12,"巨野县耐驰三角带经销部",15764010540,"张传朋","甘星允"]
[null,"三角带","B-1050",2,"根",6,12,"巨野县耐驰三角带经销部",18765016777,"张传朋","甘星允"]
["WIN008584","直接",16,50,"个",2,100,"巨野县兴强轴承销售中心",null,"张传朋","甘星允"]
[null,"三通",16,25,"个",2.5,62.5,"巨野县兴强轴承销售中心",null,"张传朋","甘星允"]
["WIN008585","密封件","85*110*12捷力特",2,"个",10,20,"巨野县派龙工程机械门市部",null,"张传朋","甘星允"]
["WIN008586","扎丝",null,5,"斤",8,40,"巨野县豪德五金机电批发部",18816075138,"张传朋","甘星允"]
["WIN008587","铸钢截止阀",50,1,"个",230,230,"巨野县精特阀门有限公司",null,"张传朋","甘星允"]
["WIN008588","黄油","0号",2,"桶",200,400,"张中奎",null,"张传朋","甘星允"]
["WIN008589","手电",null,1,"个",20,20,"谢景春",null,"张传朋","甘星允"]
["WIN008590","8.8级高强螺丝","8*30",50,"套",0.28,14.000000000000002,"巨野县泗春五金机电门市部",13561346099,"张传朋","甘星允"]
[null,"8.8级高强螺丝","6*20",50,"套",0.14,7.000000000000001,"巨野县泗春五金机电门市部",13561346099,"张传朋","甘星允"]
[null,"8.8级高强螺丝","10*70",50,"套",0.63,31.5,"巨野县泗春五金机电门市部",13561346099,"张传朋","甘星允"]
[null,"8.8级高强螺丝","12*60",50,"套",0.8,40,"巨野县泗春五金机电门市部",13561346099,"张传朋","甘星允"]
[null,"轴承","22224CA",4,"套",260,1040,"巨野县泗春五金机电门市部",13561346099,"张传朋","甘星允"]
["WIN008591","焊条",3.2,2,"箱",100,200,"巨野县泗春五金机电门市部",13561346099,"张传朋","甘星允"]
[null,"万向轮",null,2,"个",25,50,"巨野县泗春五金机电门市部",13561346099,"张传朋","甘星允"]
[null,"轴承",6203,10,"个",5,50,"巨野县泗春五金机电门市部",13561346099,"张传朋","甘星允"]
[null,"轴承",6214,6,"个",46,276,"巨野县泗春五金机电门市部",13561346099,"张传朋","甘星允"]
[null,"轴承",6209,4,"个",18,72,"巨野县泗春五金机电门市部",13561346099,"张传朋","甘星允"]
["WIN008592","轴承",51205,4,"个",7.5,30,"巨野县泗春五金机电门市部",13561346099,"张传朋","甘星允"]
[null,"轴承",30217,6,"个",59,354,"巨野县泗春五金机电门市部",13561346099,"张传朋","甘星允"]
[null,"电工胶布",null,50,"个",1.6,80,"巨野县泗春五金机电门市部",13561346099,"张传朋","甘星允"]
[null,"PU气管",16,1,"盘",350,350,"巨野县泗春五金机电门市部",13561346099,"张传朋","甘星允"]
["WIN008593","LED灯","30W",4,"个",25,100,"巨野县嘉盛五金机电",18753016988,"张传朋","甘星允"]
[null,"铜鼻子","60A",50,"个",0.6,30,"巨野县嘉盛五金机电",18753016988,"张传朋","甘星允"]
[null,"铜鼻子","80A",50,"个",1,50,"巨野县嘉盛五金机电",18753016988,"张传朋","甘星允"]
["WIN008594","铜鼻子","100A",50,"个",1,50,"巨野县嘉盛五金机电",18753016988,"张传朋","甘星允"]
[null,"铜鼻子","150A",50,"个",1.5,75,"巨野县嘉盛五金机电",18753016988,"张传朋","甘星允"]
[null,"铜鼻子","200A",50,"个",2,100,"巨野县嘉盛五金机电",18753016988,"张传朋","甘星允"]
["WIN008602","推车轮",null,6,"个",80,480,"巨野县德航五金电料门市部",null,"张传朋","甘星允"]
[{"$nulls":6},0]
[{"$nulls":6},0]
[{"$nulls":6},0]
[{"$nulls":6},0]
[{"$nulls":6},0]
[{"$nulls":6},0]
[{"$nulls":6},0]
[{"$nulls":6},0]
[{"$nulls":6},0]
[{"$nulls":6},0]
[{"$nulls":6},0]
[{"$nulls":6},0]